banner-ar

الفقاريات / (Record no. 33070)

MARC details
000 -الفاتح
حقل البيانات ثابتة الطول 00661nam a2200217Ia 4500
008 - عناصر البيانات ثابتة الطول - معلومات عامة
حقل البيانات ثابتة الطول 140319s9999 xx 000 0 ara d
040 ## - مصدر الفهرسة
وكالة الفهرسة الأصلية GCL /
وكالة النسخ GCL
082 04 - رقم تصنيف ديوى العشرى
رقم التصنيف 596
رقم المادة ر ف
100 1# - المدخل الرئيسى - إسم شخصى
الإسم الشخصى رومر، الفريد شيروود
245 10 - بيان العنوان
العنوان الفقاريات /
بيان المسئوليه,etc رومر، الفريد شيروود
700 1# - المدخل الاضافى - اسم شخصى
الإسم الشخصى محمد امين رشدى (مترجم)
700 1# - المدخل الاضافى - اسم شخصى
الإسم الشخصى محمد رشاد الطوبى (مراجع)
700 1# - المدخل الاضافى - اسم شخصى
الإسم الشخصى عبدالعزيز سليمان نوار
260 ## - PUBLICATION, DISTRIBUTION, ETC. (IMPRINT)
تاريخ النشر أو التوزيع 1971
300 ## - الوصف المادى
التعداد 770 ص
490 ## - بيان السلسلة
عنوان السلسلة
650 04 - المدخل الاضافى بالموضوع-مصطلح موضوعى
مصطلح موضوعي الفقاريات
650 04 - المدخل الاضافى بالموضوع-مصطلح موضوعى
مصطلح موضوعي تشريح
942 ## - عناصر المدخل الإضافي( كوها)
مصدر التصنيف او مخطط الترفيف Dewey Decimal Classification
Koha [default] item type كتاب
260 ## - PUBLICATION, DISTRIBUTION, ETC. (IMPRINT)
-- [S.N] :
-- دار النور ،
Holdings
حالة التراجع حالة الفقد حالة تلف ليس للاعارة المكان المؤقت الموقع الحالى تاريخ الاكتساب اجمالي اﻻعارات رقم الطلب الباركود تاريخ اخر مشاهدة تاريخ تفعيل السعر نوع وعاء كوها
        مكتبة القاهرة الكبرى مكتبة القاهرة الكبرى 03/26/2014   596\ر ف 78485 03/26/2014 03/26/2014 كتاب
        مكتبة القاهرة الكبرى مكتبة القاهرة الكبرى 03/26/2014   596\ر ف 78486 03/26/2014 03/26/2014 كتاب

Powered By

EGPV